La Odisea

Saved in:
書目詳細資料
主要作者: Homero (autor)
格式: 圖書
語言:西班牙语
出版: Santiago Zig-Zag 1996
版:21a. ed
叢編:Colección Viento Joven. Serie Hazañas
主題:
標簽: 添加標簽
沒有標簽, 成為第一個標記此記錄!

MARC

LEADER 00000nam a2200000 a 4500
001 UCH8417
003 CL-VaPUC
008 091127e19960000CL |||||||||||||||||spa|d
020 |a 9561211572 
082 0 4 |a 883  |b HOM  |2 21 
100 |a Homero   |e autor  |9 265577 
245 1 3 |a La Odisea 
250 |a 21a. ed 
300 |a 185 p 
942 |c BK 
945 |d 20091127 00:00:00 
260 |a Santiago  |b Zig-Zag  |c 1996 
650 7 |a POESIAS EPICAS GRIEGAS  |2 CL-VaPUC  |9 265677 
650 7 |a LITERATURA GRIEGA  |2 CL-VaPUC  |9 258054 
583 |a last modification  |c 20091127 00:00:00  |k Rodrigo Vera 
490 0 |a Colección Viento Joven. Serie Hazañas 
999 |c 338631  |d 338629